000 00533nam a22002057a 4500
003 OSt
005 20160511135729.0
008 160511b xxu||||| |||| 00| 0 eng d
020 _a2880326044.
040 _cDDC.
082 _a598COL1985.
100 _aCollar,N.J;Stuart,S.N;
_98707
245 _aThreatened Birds of Africa and Related Island.
250 _a3rd ed.
260 _aUK.
_bCambridge press.
_c1985.
300 _axxxiv,761p;
_bill;
_c23cm
504 _aincludes index.
650 _aBirds.
_95482
942 _2ddc
_cSLOAN
999 _c3981
_d3981